00599nam a2200193Ia 4500008004100000020001800041082001500059100001900074245003700093250000800130260002800138300003000166500001900196600001500215650001500230942000700245952013600252999001700388240925s9999 xx 000 0 und d a9781902505985 a658.72 NIC aNickson David 0aIP Procurement Handbook for SMEs a1st aUttar Pradesh:bBCScNA axxvi, 623p.bNAfOriginal aIncludes Index aManagement aManagement cBK 001040708MANaUITUbUITUd2014-03-05eParamount Book Pvt Ltdg1508.00l0o658.72 NICpQ9907r2024-09-25 07:15:31w2024-09-25yBK c12406d12406